Hệ quản trị cơ sở dữ liệu Access /

保存先:
書誌詳細
第一著者: Nguyễn Văn Huân.
フォーマット: Sách giấy
言語:Vietnamese
出版事項: H. : Thống kê, 2007.
主題:
タグ: タグ追加
タグなし, このレコードへの初めてのタグを付けませんか!
Thư viện lưu trữ: Thư viện Trường Đại học Đà Lạt
LEADER 00754nam a2200301 4500
001 DLU080063515
005 ##20081022
040 # # |a DLU  |b vie 
041 # # |a vie 
044 # # |a vn 
082 # # |a 005.756  |b NG-H 
100 # # |a Nguyễn Văn Huân. 
245 # # |a Hệ quản trị cơ sở dữ liệu Access /  |c Nguyễn Văn Huân. 
260 # # |a H. :  |b Thống kê,  |c 2007. 
300 # # |a 370 tr. :  |b minh hoạ ;  |c 23 cm. 
653 # # |a Cơ sở dữ liệu 
653 # # |a Phần mềm Access 
653 # # |a Quản trị dữ liệu 
923 # # |a 12/2008 
992 # # |a 55000 
994 # # |a DLU 
900 # # |a True 
911 # # |a Đào Thị Thu Huyền 
925 # # |a G 
926 # # |a A 
927 # # |a SH 
980 # # |a Thư viện Trường Đại học Đà Lạt